Famous People Named Frank #2 - Statistics

General Stats
  • This quiz has been taken 28 times
  • The average score is 6 of 14
Answer Stats
Clue Answer % Correct
German city with a large airport Frankfurt
96%
European country France
85%
Author of the great Gatsby Francis Scott Fitzgerald
74%
Hungarian composer famous for his piano work Franz Liszt
59%
Catholic saint from the 13th century Francis of Assisi
56%
German footballer known as "Der Kaiser" Franz Beckenbauer
41%
Former President of Haiti Francois Duvalier
33%
British painter Francis Bacon
30%
House of Cards main character Frank Underwood
22%
Actor playing the Riddler in the 1960s Batman series Frank Gorshin
19%
Expressionistic painter of blue horse Franz Marc
19%
Austrian composer. His work include an unfinished symphony Franz Schubert
19%
The Punisher Frank Castle
11%
Famous austrian writer Franz Grillparzer
4%
No matching quizzes found
Score Distribution
Percent of People with Each Score
Percentile by Number Answered
Your Score History
You have not taken this quiz